Normal view
MARC view
- Administración municipal
Entry Materia
001 - NÚMERO DE CONTROL DEL REGISTRO
- campo de control: 634
003 - IDENTIFICADOR DE NUMERO DE CONTROL
- campo de control: UPN
005 - FECHA Y HORA DE LA ÚLTIMA TRANSACCIÓN
- campo de control: 20240909164104.0
008 - DATOS DE LONGITUD FIJA
- campo de control de longitud fija: 220918dn fnannbabd a aaa |d
035 ## - NÚMERO DE CONTROL DEL SISTEMA
- Número de control del sistema: UPN10000000634
040 ## - FUENTE DE LA CATALOGACIÓN
- Lengua de catalogación: spa
- Centro catalogador de origen: MX-MxUPN
046 ## - FECHAS CON CODIFICACIÓN ESPECIAL
- Fecha final para contenidos agregados: 2022
150 ## - ENCABEZAMIENTO - TEMÁTICO
- Término de materia o nombre geográfico como elemento inicial: Administración municipal
- Subdivisión geográfica: México
670 ## - FUENTE EN LA QUE SE LOCALIZARON DATOS
- Cita de la fuente: LC
- Información localizada: Municipal government - Mexico
902 ## - CATALOGADOR
- Catalogador: CAA/270904
